000 00507nam a2200229Ia 4500
003 OSt
005 20220912151934.0
006 a|||||r|||| 00| 0
007 ta
008 220909b |||||||| |||| 00| 0 eng d
024 _a64425
037 _cTextual
040 _aCSL
_beng
_cCSL
041 _aeng
082 _aC, K42-;1
245 0 _aNobellectures physics
260 _c1964
300 _ap.
_ccm.
650 _aPhysics
942 _hC, K42-;1
_cTEXL
_2CC
999 _c77563
_d77563